Marine Corps Hymn Lyrics Quiz - Statistics

General Stats
  • This quiz has been taken 116 times
  • The average score is 14 of 22
Answer Stats
Lyric % Correct
From the Halls of {Montezuma}
96%
To the shores of {Tripoli};
96%
Of {United} {States} {Marine}.
90%
We fight our country's battles in the {air}, on {land}, and {sea};
90%
We are proud to claim the {title}
88%
And to keep our honor {clean};
86%
First to fight for {right} and {freedom}
73%
By {United} {States} {Marines}!
65%
In the snow of far-off Northern {Lands}
63%
They will find the streets are {guarded}
59%
Where we could take a {gun};
59%
And in the sunny {tropic} scenes,
58%
Which we are proud to {serve};
58%
From dawn to {setting} {sun};
56%
and never lost our {nerve}.
54%
If the {Army} and the {Navy}
53%
Our flag's unfurled to every {breeze}
51%
Ever look on {Heaven's} {scenes},
50%
We have fought in every {clime} and {place}
50%
You will always find us {on} {the} {job} - the United States Marines
48%
Here's {health} to you and to our Corps
46%
In many a {strife} we've fought for {life}
40%
No matching quizzes found
Score Distribution
Percent of People with Each Score
Percentile by Number Answered
Your Score History
You have not taken this quiz